<?xml version="1.0" encoding="UTF-8"?>
<record
    xmlns:xsi="http://www.w3.org/2001/XMLSchema-instance"
    xsi:schemaLocation="http://www.loc.gov/MARC21/slim http://www.loc.gov/standards/marcxml/schema/MARC21slim.xsd"
    xmlns="http://www.loc.gov/MARC21/slim">

  <leader>04193nam a2200577Ia 4500</leader>
  <controlfield tag="001">2895</controlfield>
  <controlfield tag="008">241029s9999    xx            000 0 und d</controlfield>
  <datafield tag="010" ind1=" " ind2=" ">
    <subfield code="a">2724</subfield>
  </datafield>
  <datafield tag="041" ind1=" " ind2=" ">
    <subfield code="a">Espa&#xF1;ol</subfield>
  </datafield>
  <datafield tag="082" ind1=" " ind2=" ">
    <subfield code="a">2009-12 MA</subfield>
  </datafield>
  <datafield tag="245" ind1=" " ind2="0">
    <subfield code="a">Metodolog&#xED;a Aplicada por los Profesores de Lengua Espa&#xF1;ola y su Incidencia en la Producci&#xF3;n de Textos Escritos, en los Estudiantes del Segundo Ciclo del Nivel B&#xE1;sico de la Escuela La Pe&#xF1;a, Distrito Educativo 07-05, San Francisco de Macor&#xED;s, A&#xF1;o Escolar 2</subfield>
  </datafield>
  <datafield tag="260" ind1=" " ind2=" ">
    <subfield code="a">Duarte</subfield>
  </datafield>
  <datafield tag="300" ind1=" " ind2=" ">
    <subfield code="a">112</subfield>
  </datafield>
  <datafield tag="520" ind1=" " ind2=" ">
    <subfield code="a">36</subfield>
  </datafield>
  <datafield tag="630" ind1=" " ind2=" ">
    <subfield code="a">Competencia Ling&#xFC;&#xED;stica</subfield>
  </datafield>
  <datafield tag="630" ind1=" " ind2=" ">
    <subfield code="a">Comprensi&#xF3;n de Textos</subfield>
  </datafield>
  <datafield tag="630" ind1=" " ind2=" ">
    <subfield code="a">Educaci&#xF3;n</subfield>
  </datafield>
  <datafield tag="630" ind1=" " ind2=" ">
    <subfield code="a">Ense&#xF1;anza-Aprendizaje</subfield>
  </datafield>
  <datafield tag="630" ind1=" " ind2=" ">
    <subfield code="a">Metodolog&#xED;a de Ense&#xF1;anza</subfield>
  </datafield>
  <datafield tag="650" ind1=" " ind2=" ">
    <subfield code="a">Lengua Espa&#xF1;ola</subfield>
  </datafield>
  <datafield tag="690" ind1=" " ind2=" ">
    <subfield code="a">Sintetizado</subfield>
  </datafield>
  <datafield tag="700" ind1=" " ind2=" ">
    <subfield code="e">asesor</subfield>
    <subfield code="a">Peralta, Mercedes </subfield>
  </datafield>
  <datafield tag="700" ind1=" " ind2=" ">
    <subfield code="e">autor</subfield>
    <subfield code="a">Fontana de Jes&#xFA;s, Addit Andr&#xE9;s</subfield>
  </datafield>
  <datafield tag="700" ind1=" " ind2=" ">
    <subfield code="e">autor</subfield>
    <subfield code="a">Hern&#xE1;ndez Mej&#xED;a, Luis Mariano </subfield>
  </datafield>
  <datafield tag="901" ind1=" " ind2=" ">
    <subfield code="a">{"1":"Fontana de Jes&#xFA;s","2":"Hern&#xE1;ndez Mej&#xED;a"}</subfield>
    <subfield code="b">{"1":"Addit Andr&#xE9;s","2":"Luis Mariano "}</subfield>
  </datafield>
  <datafield tag="902" ind1=" " ind2=" ">
    <subfield code="a">1</subfield>
  </datafield>
  <datafield tag="903" ind1=" " ind2=" ">
    <subfield code="a">{"1":"Peralta"}</subfield>
    <subfield code="b">{"1":"Mercedes "}</subfield>
  </datafield>
  <datafield tag="904" ind1=" " ind2=" ">
    <subfield code="a">Maestr&#xED;a en</subfield>
  </datafield>
  <datafield tag="905" ind1=" " ind2=" ">
    <subfield code="a">Ling&#xFC;&#xED;stica</subfield>
  </datafield>
  <datafield tag="906" ind1=" " ind2=" ">
    <subfield code="a">1</subfield>
  </datafield>
  <datafield tag="907" ind1=" " ind2=" ">
    <subfield code="a">con Aplicaci&#xF3;n a</subfield>
  </datafield>
  <datafield tag="908" ind1=" " ind2=" ">
    <subfield code="a">Ense&#xF1;anza de la Lengua Espa&#xF1;ola</subfield>
  </datafield>
  <datafield tag="909" ind1=" " ind2=" ">
    <subfield code="a">ISFODOSU, Recinto Emilio Prud'Homme</subfield>
  </datafield>
  <datafield tag="910" ind1=" " ind2=" ">
    <subfield code="a">NULL</subfield>
    <subfield code="b">NULL</subfield>
  </datafield>
  <datafield tag="911" ind1=" " ind2=" ">
    <subfield code="a">["1"]</subfield>
  </datafield>
  <datafield tag="912" ind1=" " ind2=" ">
    <subfield code="a">NO APLICA</subfield>
  </datafield>
  <datafield tag="913" ind1=" " ind2=" ">
    <subfield code="a">NULL</subfield>
  </datafield>
  <datafield tag="914" ind1=" " ind2=" ">
    <subfield code="a">02 de Noviembre de 2009</subfield>
  </datafield>
  <datafield tag="915" ind1=" " ind2=" ">
    <subfield code="a">NULL</subfield>
  </datafield>
  <datafield tag="916" ind1=" " ind2=" ">
    <subfield code="a">NULL</subfield>
  </datafield>
  <datafield tag="917" ind1=" " ind2=" ">
    <subfield code="a">NULL</subfield>
  </datafield>
  <datafield tag="918" ind1=" " ind2=" ">
    <subfield code="a">NO APLICA</subfield>
  </datafield>
  <datafield tag="919" ind1=" " ind2=" ">
    <subfield code="a">["37","42","72","89","139"]</subfield>
  </datafield>
  <datafield tag="520" ind1=" " ind2=" ">
    <subfield code="a">El prop&#xF3;sito de la investigaci&#xF3;n se centr&#xF3; en determinar la metodolog&#xED;a aplicada por los profesores de Lengua Espa&#xF1;ola para la producci&#xF3;n de textos escritos, en los Estudiantes del Segundo Ciclo del Nivel B&#xE1;sico de la Escuela La Pe&#xF1;a, Distrito Educativo 07-05, San Francisco de Macor&#xED;s, A&#xF1;o Escolar 2008-2009.Para la realizaci&#xF3;n de esta investigaci&#xF3;n se utiliz&#xF3; el m&#xE9;todo anal&#xED;tico. Los hallazgos encontrados reflejaron grandes debilidades, tanto en los m&#xE9;todos utilizados por los profesores, as&#xED; como en las responsabilidades de los padres, en la influencia del entorno sociocultural.La muestra del estudio estuvo compuesta por 4 profesores, de los cuales el 75% es femenino y el 25% masculino; as&#xED; como a 55 estudiantes, el 63.6% de sexo femenino y el 36.4% masculino.Los resultados m&#xE1;s relevantes sobre las estrategias metodol&#xF3;gicas del docente y relaci&#xF3;n entre las estrategias utilizadas y estrategias propuestas por el Curr&#xED;culo Dominicano, demostraron que el 50% de los docentes siempre comienza la clase con la lectura de un texto y enfatiza durante la clase el desarrollo de competencias; mientras que el 50% restante lo hace a veces. En tanto que el 100% al iniciar la clase conversa con sus alumnos sobre hechos que han acontecido en la comunidad.Al analizar los resultados sobre las competencias demostradas en la producci&#xF3;n de textos escritos por parte de los estudiantes, la investigaci&#xF3;n revela que la coherencia en el 40% de ellos es deficiente y en el 38.2% es regular.Sobre la cohesi&#xF3;n, en el 49.1% su competencia es deficiente y el 32.7% regular. Evaluando la concordancia, se ve que el 45.5% es deficiente y el 25.4% regular. El l&#xE9;xico en el 34.6% de ellos es regular y en el 30.9% su competencia es buena y el 23.6% muy buena. Mientras que sobre la competencia argumentativa, se observa que el 47.3% es deficiente; el 27.3% regular y s&#xF3;lo un 21.8% buena. Haciendo un promedio porcentual sobre la competencia demostrada en la producci&#xF3;n de textos escritos, se determino que el 38.6% promedio es deficiente, el 31.6% es regular, en el 20.7% es buena y en el 9.1% promedio es muy buena la competencia observada.De ah&#xED; la importancia de este estudio de investigaci&#xF3;n, el cual sirvi&#xF3; como marco de referencia, para presentar recomendaciones que conlleven a mejorar la calidad educativa a trav&#xE9;s de los m&#xE9;todos utilizados para el desarrollo de la producci&#xF3;n de textos escritos en sus distintos contextos.</subfield>
  </datafield>
  <datafield tag="921" ind1=" " ind2=" ">
    <subfield code="a">11</subfield>
  </datafield>
  <datafield tag="922" ind1=" " ind2=" ">
    <subfield code="a">11</subfield>
  </datafield>
  <datafield tag="923" ind1=" " ind2=" ">
    <subfield code="a">0</subfield>
  </datafield>
  <datafield tag="924" ind1=" " ind2=" ">
    <subfield code="a">NO APLICA</subfield>
  </datafield>
  <datafield tag="942" ind1=" " ind2=" ">
    <subfield code="c">Tesis</subfield>
  </datafield>
  <datafield tag="999" ind1=" " ind2=" ">
    <subfield code="c">2724</subfield>
    <subfield code="d">2724</subfield>
  </datafield>
</record>
